| 000 | 00755ngm a2200169 a 4500 | ||
|---|---|---|---|
| 005 | 20231127063558.0 | ||
| 008 | 010910s2000 mx 011 aaspa d | ||
| 035 | _aUPN01000111149 | ||
| 049 | _aAV | ||
| 050 | 4 | _aPVI Q 1135 | |
| 245 | 0 | 1 | _a¿Cómo usar los mapas para medir distancias? |
| 260 |
_aMéxico : _bPelículas Ebesa [distribuidor], _c[198-?]. |
||
| 300 |
_a1 videocasete (VHS) (11 min.) : _bson., col. |
||
| 520 | _aEn este programa se coloca un mapa y se muestran varios modos de medir distancias. Se pone énfasis en el concepto de escala en el mapa, la relación de distancias entre el mapa y el terreno real, ilustra cómo una distancia es medida en el mapa por medio de un escalímetro | ||
| 650 | 2 |
_aMapas _95255 |
|
| 905 | _aAudiovisuales | ||
| 999 |
_c85058 _d85058 |
||